Ethnic groups in Iran - Statistics

General Stats
  • This quiz has been taken 92 times
    59 since last reset
  • The average score is 13 of 31
Answer Stats
Family Population Ethnicity % Correct
Indo-European (Iranic) 35.84 million Persian
100%
Indo-European (Armenian) 120 k Armenian
94%
Altaic (Turkic) 16.65 million Azerbaijani
94%
Altaic (Turkic) 2.4 million Turkmen
94%
Indo-European (Iranic) 10 million Kurd
92%
Afroasiatic (Semitic) 2.1 million Arab
86%
Caucasian (Kartvelian) 100 k Georgian
83%
Indo-European (Iranic) 169 k Pashtun
67%
Indo-European (Iranic) 3 million Baloch
64%
Indo-European (Iranic) 7 million Lur
64%
Altaic (Turkic) 800 k Qashqai
58%
Indo-European (Iranic) 395 k Tajik
53%
Afroasiatic (Semitic) 19 k Assyrian
44%
Indo-European (Iranic) 2.46 million Gilak
44%
Indo-European (Iranic)Altaic (Turkic) 1 million Hazara
44%
Indo-European (Iranic) 700 k Talysh
39%
Altaic (Turkic) 5 k Kazakh
36%
Indo-European (Indo-Aryan) 1.34 million Roma
36%
Indo-European (Iranic)Niger-Congo (Bantu) 1 million Afro-Iranian
31%
Indo-European (Iranic) 4.6 million Mazandarani
25%
Dravidian (Northern) 17 k Brahui
19%
Afroasiatic (Semitic) 3 k Mandaean
11%
Afroasiatic (Semitic) 10 k Mizrahim
11%
Caucasian (Northwest) 50 k Kabardian
8%
Indo-European (Iranic) 1.5 million Sistani
8%
Indo-European (Iranic)Altaic (Turkic) 209 k Aimaq
6%
Altaic (Turkic) 20 k Khalaj
6%
Indo-European (Iranic) 300 k Semnani
6%
Indo-European (Iranic) 500 k Tati
6%
Indo-European (Iranic) 400 k Achomi
0%
Indo-European (Indo-Aryan) 25 k Jadgali
0%
No matching quizzes found
Score Distribution
Percent of People with Each Score
Percentile by Number Answered
Your Score History
You have not taken this quiz since the last reset